[Event "AZE-ch Men 2019"]
[Site "Baku"]
[Date "2019.01.18"]
[Round "3"]
[White "Jafarli, Babak"]
[Black "Ilyasli, Ughur"]
[Result "0-1"]
[WhiteElo "2128"]
[BlackElo "2148"]
[Annotator "TA"]
[PlyCount "75"]
[EventDate "2019.01.16"]
[EventType "swiss"]
[EventCountry "AZE"]
[SourceTitle "playchess.com"]
[Source "ChessBase"]
[SourceQuality "1"]

{[%evp 9,75,0,0,0,16,5,7,-52,-50,-39,0,-49,-36,-44,-31,-157,-157,-179,-170,-174,-176,-149,-81,-71,-64,-64,-93,-216,-206,-215,-205,-225,-204,-210,-218,-213,-229,-209,-229,-340,-301,-291,-138,-128,-130,-215,-216,-199,-186,-278,-291,-289,-274,-507,-500,-447,-285,-292,-275,-429,-412,-395,-394,-674,-674,-652,-644,-558]} 1. d4 Nf6 2. Nc3 d5 3. Bf4 Bf5 (3... a6 4. e3 e6 5. g4 Bd6 6. Qf3 Bxf4 7. Qxf4 Qd6 8. Qxd6 cxd6 9. g5 Nfd7 10. Bg2 h6 11. h4 hxg5 12. hxg5 Rxh1 13. Bxh1 {1-0 (53) Alekseenko,K (2639)-Malakhov,V (2661) Sochi 2018}) 4. Nb5 Na6 5. a3 c6 6. Nc3 {D00: 1 d4 d5: Unusual lines} e6 7. e3 Bd6 8. f3 (8. Bxa6 $11 bxa6 9. Nge2) 8... Bxf4 $15 9. exf4 h5 $146 ({Predecessor:} 9... Nb8 10. g4 Bg6 11. h4 {0-1 (50) Gosciniak,M (2093)-Waszczuk,P (1983) Jastrzebia Gora 2018}) 10. Bd3 (10. Bxa6 $5 bxa6 11. Qd2 $11) 10... Qb6 11. Bxf5 {Hoping for Bh3.} Qxb2 12. Kd2 (12. Nge2 $15 exf5 13. O-O) 12... exf5 $17 13. Qe1+ Kf8 $1 14. Rb1 Qxa3 15. Rxb7 Qd6 ({Black should try} 15... Ne8 {Threatens to win with ...Nd6.} 16. Nh3 Nd6 17. Qe7+ Kg8) 16. Nh3 Nd7 17. Qa1 $1 {[%cal Ra1a6]} Nc7 $1 18. Rxa7 (18. Qa5 $17 Nb6 19. Kc1) 18... Rxa7 $19 19. Qxa7 {[#]} g6 $1 20. g3 Kg7 21. Nf2 {[#]} h4 $1 22. Re1 hxg3 23. hxg3 Rh2 24. Rf1 (24. Re2 $142) 24... Qb4 25. Qa4 Qxa4 (25... Qb7 $19 26. Ke1 Nb6) 26. Nxa4 $17 Rg2 27. g4 (27. Nc3 $17) 27... fxg4 $19 28. fxg4 Nf6 29. g5 (29. Ke2 $142) 29... Ng4 30. Ke2 Ne6 {[%mdl 64] Double Attack} 31. c3 $2 (31. Kf3 Rxf2+ 32. Rxf2 Nxf2 33. Kxf2) 31... Nxf4+ 32. Kf3 Nxf2 33. Kxf4 {KRN-KRN} Ne4 34. Nc5 (34. c4 {might work better.}) 34... Rxg5 35. Ra1 Rf5+ 36. Ke3 $2 (36. Kg4) 36... Nxc5 37. dxc5 g5 38. Kd4 {Accuracy: White = 40%, Black = 57%.} 0-1

[Event "AZE-ch Men 2019"]
[Site "Baku"]
[Date "2019.01.18"]
[Round "3"]
[White "Ahadzade, Kanan"]
[Black "Bajarani, Ulvi"]
[Result "0-1"]
[WhiteElo "2019"]
[BlackElo "2421"]
[Annotator "RC"]
[PlyCount "160"]
[EventDate "2019.01.16"]
[EventType "swiss"]
[EventCountry "AZE"]
[SourceTitle "playchess.com"]
[Source "ChessBase"]
[SourceQuality "1"]
[TimeControl "40/5400+30:1800+30"]

1. d4 {[%emt 0:00:00]} e6 {[%emt 0:00:00]} 2. c4 {[%emt 0:00:00]} Nf6 {[%emt 0:00:00]} 3. Nf3 {[%emt 0:00:08]} b6 {[%emt 0:00:00]} 4. g3 {[%emt 0:00:05]} Bb7 {[%emt 0:00:12]} 5. Bg2 {[%emt 0:00:05]} Bb4+ {[%emt 0:00:15]} 6. Bd2 {[%emt 0:00:05]} a5 {[%emt 0:00:26]} 7. a3 {[%emt 0:00:36]} Bxd2+ {[%emt 0:00:54]} 8. Qxd2 {[%emt 0:01:22]} O-O {[%emt 0:00:07]} 9. O-O {[%emt 0:00:03]} d6 {[%emt 0:00:30]} 10. Nc3 {[%emt 0:00:04]} Na6 {[%emt 0:01:16]} 11. Rad1 {[%emt 0:03:14]} Qe7 {[%emt 0:00:40]} 12. Qc2 {[%emt 0:03:32]} Rfd8 {[%emt 0:07:10]} 13. e4 {[%emt 0:01:25]} e5 {[%emt 0:00:39]} 14. Nd5 {[%emt 0:06:37]} Nxd5 {[%emt 0:00:12]} 15. exd5 {[%emt 0:00:35]} exd4 {[%emt 0:01:28]} 16. Rxd4 {[%emt 0:02:14]} Re8 {[%emt 0:00:35]} 17. Rh4 {[%emt 0:05:03]} h6 {[%emt 0:02:20]} 18. Nd4 {[%emt 0:01:15]} Bc8 {[%emt 0:01:22]} 19. Qc3 {[%emt 0:20:14]} a4 {[%emt 0:04:42]} 20. Re4 {[%emt 0:05:16]} Qf8 {[%emt 0:00:06]} 21. Rxe8 {[%emt 0:00:13]} Qxe8 {[%emt 0:00:06]} 22. Re1 {[%emt 0:00:03]} Qf8 {[%emt 0:00:11]} 23. Be4 {[%emt 0:04:06]} Nc5 {[%emt 0:06:15]} 24. Bf5 {[%emt 0:02:56]} Ba6 {[%emt 0:00:33]} 25. Re3 {[%emt 0:18:23]} g6 {[%emt 0:10:53]} 26. Bc2 {[%emt 0:08:11]} Re8 {[%emt 0:01:22]} 27. Rf3 {[%emt 0:03:03]} Qg7 {[%emt 0:00:32]} 28. h4 {[%emt 0:00:25]} h5 {[%emt 0:01:17]} 29. Kg2 {[%emt 0:03:33]} Bc8 {[%emt 0:07:04]} 30. Nb5 {[%emt 0:02:43]} Qxc3 {[%emt 0:01:36]} 31. Nxc3 {[%emt 0:02:23]} Bd7 {[%emt 0:00:07]} 32. Re3 {[%emt 0:00:19]} Rb8 {[%emt 0:00:52]} 33. Ne4 {[%emt 0:02:40]} Nxe4 {[%emt 0:02:20]} 34. Bxe4 {[%emt 0:01:24]} b5 {[%emt 0:00:50]} 35. cxb5 {[%emt 0:02:23]} Rxb5 {[%emt 0:00:09]} 36. Re2 {[%emt 0:00:16]} Kf8 {[%emt 0:01:31]} 37. Rc2 {[%emt 0:00:35]} Rb7 {[%emt 0:01:38]} 38. Kf3 {[%emt 0:00:13]} Ke7 {[%emt 0:03:03]} 39. Kf4 {[%emt 0:00:06]} f5 {[%emt 0:01:18]} 40. Bd3 {[%emt 0:00:00]} Kf6 {[%emt 0:00:00]} 41. Ke3 {[%emt 0:05:25]} Be8 {[%emt 0:05:23]} 42. Kd4 {[%emt 0:01:34]} Ke7 {[%emt 0:00:08]} 43. Bc4 {[%emt 0:02:12]} Kd8 {[%emt 0:00:14]} 44. Ba2 {[%emt 0:02:34]} Rb5 {[%emt 0:01:36]} 45. Bc4 {[%emt 0:00:44]} Rc5 {[%emt 0:01:49]} 46. Rc3 {[%emt 0:00:03]} Bf7 {[%emt 0:00:50]} 47. b4 {[%emt 0:01:34]} axb3 {[%emt 0:00:10]} 48. Bxb3 {[%emt 0:00:23]} Rb5 {[%emt 0:00:49]} 49. Bc4 {[%emt 0:00:22]} Ra5 {[%emt 0:00:32]} 50. Rb3 {[%emt 0:02:29]} Ra4 {[%emt 0:01:30]} 51. Rb8+ {[%emt 0:03:24]} Kd7 {[%emt 0:00:45]} 52. Rb4 {[%emt 0:01:12]} Rxa3 {[%emt 0:01:06]} 53. Bb5+ {[%emt 0:00:06]} Kc8 {[%emt 0:02:42]} 54. Bc6 {[%emt 0:00:41]} Ra2 {[%emt 0:04:22]} 55. Ke3 {[%emt 0:00:26]} Ra5 {[%emt 0:02:04]} 56. Kd4 {[%emt 0:00:16]} Bxd5 {[%emt 0:00:18]} 57. Ra4 {[%emt 0:02:12]} Rxa4+ {[%emt 0:00:08]} 58. Bxa4 {[%emt 0:00:06]} Bf7 {[%emt 0:00:07]} 59. Bc6 {[%emt 0:00:34]} Kd8 {[%emt 0:00:07]} 60. f3 {[%emt 0:00:39]} Be8 {[%emt 0:00:14]} 61. Bd5 {[%emt 0:00:14]} Ke7 {[%emt 0:00:10]} 62. Bb3 {[%emt 0:00:21]} c5+ {[%emt 0:00:14]} 63. Ke3 {[%emt 0:00:07]} Kf6 {[%emt 0:00:13]} 64. Bd1 {[%emt 0:00:07]} Bd7 {[%emt 0:00:10]} 65. Bb3 {[%emt 0:00:07]} Be6 {[%emt 0:00:08]} 66. Bc2 {[%emt 0:00:05]} d5 {[%emt 0:00:26]} 67. Ba4 {[%emt 0:00:08]} Ke5 {[%emt 0:00:18]} 68. f4+ {[%emt 0:00:10]} Kf6 {[%emt 0:00:07]} 69. Be8 {[%emt 0:00:09]} Bf7 {[%emt 0:00:06]} 70. Bd7 {[%emt 0:00:05]} Ke7 {[%emt 0:00:06]} 71. Ba4 {[%emt 0:00:03]} Kd6 {[%emt 0:00:09]} 72. Bb5 {[%emt 0:00:10]} Kc7 {[%emt 0:00:08]} 73. Kd3 {[%emt 0:00:10]} Kb6 {[%emt 0:00:06]} 74. Bd7 {[%emt 0:00:05]} Ka5 {[%emt 0:00:17]} 75. Kc3 {[%emt 0:00:05]} d4+ {[%emt 0:00:16]} 76. Kd3 {[%emt 0:00:04]} Kb4 {[%emt 0:00:08]} 77. Bc6 {[%emt 0:00:03]} Bc4+ {[%emt 0:00:24]} 78. Kc2 {[%emt 0:00:28]} Bb5 {[%emt 0:00:06]} 79. Bd5 {[%emt 0:00:07]} c4 {[%emt 0:00:09]} 80. Bf7 {[%emt 0:00:08]} c3 {[%emt 0:00:08]} 0-1

[Event "AZE-ch Men 2019"]
[Site "Baku"]
[Date "2019.01.18"]
[Round "3"]
[White "Guliyev, Gasan"]
[Black "Abdulov, Orkhan"]
[Result "0-1"]
[WhiteElo "1997"]
[BlackElo "2395"]
[Annotator "NA RC"]
[PlyCount "72"]
[EventDate "2019.01.16"]
[EventType "swiss"]
[EventCountry "AZE"]
[SourceTitle "playchess.com"]
[Source "ChessBase"]
[SourceQuality "1"]
[TimeControl "40/5400+30:1800+30"]

1. d4 {[%emt 0:00:59]} e6 {[%emt 0:00:16]} 2. Nf3 {[%emt 0:01:55]} f5 {[%emt 0:00:35]} 3. g3 {[%emt 0:03:21]} b6 {[%emt 0:00:31]} 4. Bg2 {[%emt 0:03:10]} Bb7 {[%emt 0:00:03]} 5. c4 {[%emt 0:07:47]} Nf6 {[%emt 0:00:13]} 6. O-O {[%emt 0:02:33]} g6 {[%emt 0:04:33]} 7. Nc3 {[%emt 0:11:32]} Bg7 {[%emt 0:02:30]} 8. d5 {[%emt 0:12:07]} O-O {[%emt 0:03:04]} 9. Bf4 {[%emt 0:16:53]} Na6 {[%emt 0:05:54]} 10. Nd4 {[%emt 0:07:37]} Nh5 $11 {[%emt 0:10:46]} 11. Bc1 {[%emt 0:14:41]} e5 {[%emt 0:03:34]} 12. Ndb5 {[%emt 0:03:16]} d6 {[%emt 0:03:48]} 13. f4 {[%emt 0:04:26]} exf4 {[%emt 0:08:41]} 14. gxf4 {[%emt 0:00:06]} Nc5 {[%emt 0:00:20]} 15. Nd4 {[%emt 0:02:24]} Qf6 {[%emt 0:01:59]} 16. e3 {[%emt 0:02:18]} a5 {[%emt 0:00:37]} 17. Bf3 {[%emt 0:01:03]} Nxf4 {[%emt 0:01:36]} 18. exf4 {[%emt 0:00:42]} Qxd4+ {[%emt 0:00:05]} 19. Qxd4 {[%emt 0:00:28]} Bxd4+ {[%emt 0:00:03]} 20. Kg2 {[%emt 0:00:08]} Bxc3 {[%emt 0:01:01]} 21. bxc3 {[%emt 0:00:06]} Ba6 {[%emt 0:00:11]} 22. Be3 {[%emt 0:01:00]} Bxc4 {[%emt 0:00:12]} 23. Rfd1 {[%emt 0:00:21]} Rae8 {[%emt 0:00:36]} 24. Bxc5 {[%emt 0:00:36]} bxc5 {[%emt 0:00:53]} 25. Kf2 {[%emt 0:01:09]} Rb8 {[%emt 0:00:38]} 26. Rd2 {[%emt 0:01:01]} a4 {[%emt 0:02:12]} 27. Be2 {[%emt 0:00:27]} Bxe2 {[%emt 0:00:44]} 28. Rxe2 {[%emt 0:00:03]} Kf7 {[%emt 0:01:22]} 29. Rae1 {[%emt 0:00:20]} Rfe8 {[%emt 0:01:15]} 30. Rxe8 {[%emt 0:01:20]} Rxe8 {[%emt 0:00:01]} 31. Rb1 {[%emt 0:00:09]} Ke7 {[%emt 0:00:44]} 32. Rb7 {[%emt 0:01:08]} Kd7 {[%emt 0:00:08]} 33. Ra7 {[%emt 0:00:10]} Re4 {[%emt 0:00:06]} 34. Kg3 {[%emt 0:00:16]} Rc4 {[%emt 0:00:04]} 35. Kh4 {[%emt 0:01:16]} h6 {[%emt 0:00:32]} 36. Kg3 {[%emt 0:00:18]} Rxc3+ {[%emt 0:00:07]} 0-1

[Event "AZE-ch Men 2019"]
[Site "Baku"]
[Date "2019.01.18"]
[Round "3"]
[White "Allahverdiyeva, Ayan"]
[Black "Isgandarov, Shahriyar"]
[Result "1/2-1/2"]
[WhiteElo "1975"]
[BlackElo "2113"]
[Annotator "NA"]
[PlyCount "104"]
[EventDate "2019.01.16"]
[EventType "swiss"]
[EventCountry "AZE"]
[SourceTitle "playchess.com"]
[Source "ChessBase"]
[SourceQuality "1"]
[TimeControl "40/5400+30:1800+30"]

1. e4 {[%emt 0:03:00]} c5 {[%emt 0:00:00]} 2. Nf3 {[%emt 0:02:38]} Nc6 {[%emt 0:00:00]} 3. d4 {[%emt 0:00:18]} cxd4 {[%emt 0:00:09]} 4. Nxd4 {[%emt 0:00:04]} Nf6 {[%emt 0:00:06]} 5. Nc3 {[%emt 0:00:05]} e6 {[%emt 0:00:08]} 6. Ndb5 {[%emt 0:00:25]} d6 {[%emt 0:00:43]} 7. Bf4 {[%emt 0:00:06]} e5 {[%emt 0:00:47]} 8. Bg5 {[%emt 0:00:04]} a6 {[%emt 0:00:59]} 9. Na3 {[%emt 0:00:31]} b5 {[%emt 0:01:29]} 10. Bxf6 {[%emt 0:01:09]} gxf6 {[%emt 0:07:15]} 11. Nd5 {[%emt 0:00:29]} Bg7 {[%emt 0:02:38]} 12. g3 {[%emt 0:15:51]} O-O {[%emt 0:03:34]} 13. Bg2 {[%emt 0:00:33]} Ne7 {[%emt 0:07:53]} 14. c3 {[%emt 0:07:22]} Rb8 {[%emt 0:07:17]} 15. Nc2 {[%emt 0:07:50]} f5 {[%emt 0:03:34]} 16. Nxe7+ {[%emt 0:15:46]} Qxe7 {[%emt 0:00:05]} 17. Nb4 {[%emt 0:00:02]} Bb7 {[%emt 0:08:14]} 18. Nd5 {[%emt 0:00:22]} Bxd5 {[%emt 0:00:51]} 19. Qxd5 {[%emt 0:00:11]} fxe4 {[%emt 0:02:14]} 20. Bxe4 {[%emt 0:05:47]} Kh8 {[%emt 0:00:49]} 21. O-O-O {[%emt 0:12:26]} f5 {[%emt 0:01:20]} 22. Bc2 {[%emt 0:00:14]} Rb6 {[%emt 0:01:13]} 23. Kb1 {[%emt 0:03:46]} e4 {[%emt 0:08:43]} 24. Rhe1 {[%emt 0:08:24]} b4 {[%emt 0:03:37]} 25. g4 {[%emt 0:01:55]} bxc3 {[%emt 0:03:56]} 26. b3 {[%emt 0:00:05]} Qe5 {[%emt 0:12:10]} 27. gxf5 {[%emt 0:05:42]} Rxf5 {[%emt 0:00:21]} 28. Qxe4 {[%emt 0:06:01]} Qxe4 {[%emt 0:02:03]} 29. Rxe4 {[%emt 0:00:08]} Rxf2 {[%emt 0:00:45]} 30. Re7 {[%emt 0:00:08]} Rb8 {[%emt 0:07:38]} 31. Rg1 {[%emt 0:01:19]} Rg8 {[%emt 0:00:31]} 32. h3 {[%emt 0:00:21]} Rh2 {[%emt 0:01:40]} 33. Bf5 {[%emt 0:02:19]} Rb2+ {[%emt 0:01:44]} 34. Ka1 {[%emt 0:00:23]} Rf2 {[%emt 0:02:59]} 35. Bd3 c2+ {[%emt 0:01:10]} 36. Rexg7 {[%emt 0:01:18]} Rxg7 {[%emt 0:00:06]} 37. Rc1 {[%emt 0:00:03]} Rg3 {[%emt 0:04:21]} 38. Bxa6 {[%emt 0:00:44]} d5 {[%emt 0:02:46]} 39. Kb2 {[%emt 0:01:09]} d4 {[%emt 0:01:10]} 40. Rxc2 {[%emt 0:00:00]} Rxc2+ {[%emt 0:00:00]} 41. Kxc2 {[%emt 0:01:37]} Rxh3 {[%emt 0:03:52]} 42. a4 {[%emt 0:01:47]} Rc3+ {[%emt 0:17:51]} 43. Kb2 {[%emt 0:00:18]} Rc6 {[%emt 0:04:45]} 44. Bd3 {[%emt 0:01:34]} Kg7 {[%emt 0:02:29]} 45. a5 {[%emt 0:00:04]} Kf6 {[%emt 0:01:37]} 46. a6 {[%emt 0:03:21]} Rc7 {[%emt 0:00:27]} 47. b4 {[%emt 0:00:18]} Ke7 {[%emt 0:01:32]} 48. b5 {[%emt 0:00:18]} Kd6 {[%emt 0:01:08]} 49. b6 {[%emt 0:00:10]} Rc8 {[%emt 0:00:37]} 50. a7 {[%emt 0:03:20]} Kc6 {[%emt 0:01:14]} 51. a8=Q+ {[%emt 0:00:59]} Rxa8 {[%emt 0:00:03]} 52. Be4+ {[%emt 0:00:03]} Kxb6 {[%emt 0:00:03]} 1/2-1/2

[Event "AZE-ch Men 2019"]
[Site "Baku"]
[Date "2019.01.19"]
[Round "4"]
[White "Asadli, Vugar"]
[Black "Ilyasli, Ughur"]
[Result "1-0"]
[WhiteElo "2471"]
[BlackElo "2148"]
[Annotator "TA"]
[PlyCount "95"]
[EventDate "2019.01.16"]
[EventType "swiss"]
[EventCountry "AZE"]
[SourceTitle "playchess.com"]
[Source "ChessBase"]
[SourceQuality "1"]

{[%evp 16,95,35,28,49,-97,-83,-84,-82,-100,-97,-136,-120,-145,0,-10,10,-4,33,20,31,0,11,18,90,28,230,222,233,235,237,250,229,250,236,229,206,62,66,66,90,64,62,69,62,65,148,158,212,209,190,121,109,110,91,113,162,163,158,152,202,228,345,336,541,530,1241,1192,2477,2483,2006,1256,2106,1301,2206,2038,29984,3635,29988,29989,29991,29992]} 1. e4 e6 2. d4 d5 3. Nc3 Nf6 4. e5 Nfd7 5. Nce2 c5 6. c3 Nc6 7. Nf3 cxd4 8. cxd4 Qb6 9. a3 {LiveBook: 8 Games} Be7 {C11: French: Classical System: 4 e5 and 4 Bg5 dxe4} (9... Na5 10. b4 Nc4 11. Nc3 Qc7 12. Qc2 a5 13. b5 Ndb6 14. Bd3 h6 15. O-O Bd7 16. a4 Bb4 17. Ne2 {½-½ (84) Bida,M (2394)-Balog,I (2559) Arad 2016}) 10. Nf4 (10. Nc3 $14 {keeps the upper hand.}) 10... g5 $1 $17 {[%cal Rg5f4]} 11. Ne2 g4 {Black is better.} 12. Nfg1 f6 13. exf6 Nxf6 14. h3 g3 $146 ({Better is} 14... e5 $17 15. hxg4 Bxg4) ({Predecessor:} 14... e5 15. hxg4 Bxg4 {1-0 (27) Boidman,Y (2409)-Bertrem,S (2228) Belgium 2010}) 15. Nxg3 $11 Qxd4 16. Bd3 Qb6 17. N1e2 Bd7 18. O-O O-O-O $1 19. b4 $36 {[%mdl 2048] White has the initiative.} h5 (19... Kb8 $1 $11 {keeps the balance.}) 20. b5 $16 h4 $2 (20... Ne5 $1 $11 {and Black stays safe.}) 21. bxc6 $18 Bxc6 22. Rb1 Qc7 23. Nd4 hxg3 24. Nxe6 Qe5 25. Nxd8 Kxd8 26. Qe2 (26. Qf3 $18) 26... Qxe2 $14 27. Bxe2 gxf2+ $1 28. Rxf2 Bc5 $1 {Hoping for ...Ne4.} 29. Bg5 Bxf2+ 30. Kxf2 Rf8 {[#]} (30... Kd7 $14 31. Ke3 (31. Bxf6 Rf8 $14) 31... Re8+ 32. Kd3 Ke6) 31. Rf1 $1 $16 Kc7 (31... Kd7 $16) 32. Ke1 $18 Nd7 33. Bf4+ (33. Rxf8 $18 Nxf8 34. Bf6) 33... Kd8 $16 34. Kd2 Rg8 35. g4 {[%cal Bg2g4,Bg4g5,Bg5g6,Bg6g7][%mdl 32]} Nf6 {[#]} 36. Kc3 $1 Ne4+ 37. Kd4 Ke7 38. h4 {[%cal Bh3h4,Bh4h5,Bh5h6,Bh6h7][%mdl 32]} Rh8 (38... Bd7 $142 39. g5 b6) 39. h5 $18 a6 $2 (39... Rf8 40. h6 Be8 41. Kxd5 Bg6) 40. g5 Ke6 41. g6 Be8 42. g7 Rg8 43. h6 {White wants to mate with h7.} Bg6 44. Bg4+ Ke7 45. Be5 Re8 46. Bf5 Bxf5 47. Rxf5 Rd8 48. h7 {Precision: White = 71%, Black = 32%.} 1-0

[Event "AZE-ch Men 2019"]
[Site "Baku"]
[Date "2019.01.19"]
[Round "4"]
[White "Bajarani, Ulvi"]
[Black "Shahaliyev, Ismayil"]
[Result "1/2-1/2"]
[WhiteElo "2421"]
[BlackElo "2389"]
[Annotator "TA"]
[PlyCount "65"]
[EventDate "2019.01.16"]
[EventType "swiss"]
[EventCountry "AZE"]
[SourceTitle "playchess.com"]
[Source "ChessBase"]
[SourceQuality "1"]

{[%evp 24,65,17,11,50,53,41,32,45,41,40,27,19,11,14,-2,0,0,0,0,0,0,0,0,0,0,0,0,0,-2,0,-2,-2,-2,-2,-2,0,-8,0,0,0,0,0,0]} 1. Nf3 Nf6 2. c4 e6 3. g3 d5 4. Bg2 c5 5. d4 Nc6 6. O-O dxc4 7. dxc5 Qxd1 8. Rxd1 Bxc5 9. Nbd2 c3 10. bxc3 O-O 11. Nb3 Be7 12. c4 Bd7 13. Bb2 {LiveBook: 79 Games. E04: Open Catalan: 5 Nf3} Rad8 {[#]} (13... Rfd8 14. Nfd4 Rac8 15. Nb5 b6 16. Nd6 Bxd6 17. Rxd6 Be8 18. Rxd8 Nxd8 19. Rc1 Bc6 20. c5 Bxg2 21. Kxg2 {½-½ (30) Cheparinov,I (2710)-Anand,V (2782) Riadh 2017}) 14. Ne1 $146 ({Predecessor:} 14. Nfd4 Nxd4 15. Bxd4 b6 16. c5 bxc5 17. Nxc5 e5 18. Nxd7 exd4 19. Nxf8 {1-0 (19) Rodshtein,M (2632)-Pilgaard,K (2435) Plovdiv 2010}) 14... h6 15. Rab1 {White is slightly better.} Ng4 16. Nd3 b6 17. h3 Nf6 18. c5 {The position is equal.} Rc8 19. Ne5 Nxe5 20. Bxe5 Bc6 21. cxb6 Bxg2 22. Kxg2 {[#] Threatens to win with b7.} axb6 23. Rbc1 Rxc1 24. Rxc1 Ra8 25. Bxf6 Bxf6 $11 {[%mdl 4096] Endgame KRB-KRN} 26. Rc2 g5 27. Nc1 Kg7 28. Kf3 Ra3+ 29. Nb3 h5 30. e3 Ra4 31. g4 hxg4+ 32. hxg4 Be7 33. Nd4 {Accuracy: White = 63%, Black = 64%.} 1/2-1/2

[Event "AZE-ch Men 2019"]
[Site "Baku"]
[Date "2019.01.19"]
[Round "4"]
[White "Abdulov, Orkhan"]
[Black "Abbasov, Amil"]
[Result "1/2-1/2"]
[WhiteElo "2395"]
[BlackElo "2190"]
[Annotator "TA"]
[PlyCount "146"]
[EventDate "2019.01.16"]
[EventType "swiss"]
[EventCountry "AZE"]
[SourceTitle "playchess.com"]
[Source "ChessBase"]
[SourceQuality "1"]

{[%evp 14,146,23,25,18,29,43,12,15,15,15,29,29,15,23,25,22,21,77,48,57,0,-7,-2,0,-34,-21,-21,-21,-21,-29,-21,-21,-21,-21,-19,-5,-9,9,7,31,12,19,20,54,19,66,60,69,60,80,81,75,75,83,71,71,47,60,19,7,12,6,1,3,3,3,10,135,135,135,106,116,75,75,77,77,67,77,75,51,51,69,60,81,81,79,45,56,57,92,79,79,86,79,81,86,86,88,87,88,72,89,9,80,58,65,58,73,14,20,15,70,86,47,34,31,63,26,0,0,0,0,0,2,0,0,0,0,0,0,0,0,0,0]} 1. e4 c5 2. Nf3 Nc6 3. Bb5 g6 4. Bxc6 bxc6 5. d4 Bg7 6. dxc5 {B31: Sicilian: 2...Nc6 3 Bb5 g6} Qa5+ 7. Nbd2 Qxc5 (7... Ba6 8. a3 Qxc5 9. c4 Nf6 10. b4 Qb6 11. O-O O-O 12. Bb2 d6 13. Qc2 {1-0 (35) Nepomniachtchi,I (2759)-Dubov,D (2703) Sochi 2018}) 8. O-O {LiveBook: 3 Games. White has an edge.} d6 9. Re1 Nf6 10. e5 dxe5 $1 11. Nxe5 O-O 12. Nb3 Qb6 13. h3 $146 ({Predecessor:} 13. Be3) 13... a5 14. Be3 Qc7 15. Bf4 {Nxg6! is the strong threat.} Nd5 {[#]} (15... Qb6 $11) 16. Bh2 $1 $16 Qb6 17. Qd4 ({White should play} 17. c4 $14 Nc7 18. Qd4) 17... Qxd4 $11 18. Nxd4 c5 $36 {[%mdl 2048] Black has good play.} 19. Ndc6 Bf6 20. Rad1 Nb4 21. c3 Nxc6 22. Nxc6 Be6 23. a3 Rfc8 24. Ne5 Rd8 25. Ng4 Bxg4 26. hxg4 e6 27. Bc7 Rdc8 28. Bf4 Rd8 29. Kf1 Kg7 30. g5 Be7 31. Be5+ Kf8 32. f4 Ra7 33. Rxd8+ Bxd8 $16 {[%mdl 4096] Endgame KRB-KRB} 34. Rd1 Ke8 35. Ke2 Rb7 36. c4 Bc7 $1 {[%cal Rc7e5] With the idea ...Bxe5.} 37. Bf6 Rb3 38. Rd2 Rg3 39. Kf2 Rb3 40. g3 Bb6 (40... a4 $11 {remains equal.}) 41. Bc3 a4 42. Rd1 Bc7 43. Rh1 e5 44. fxe5 Bd8 45. Rxh7 Bxg5 {[#]} 46. Rh1 $1 Ke7 47. Rd1 Ke6 48. Ke2 {Strongly threatening Rd6+.} Be7 49. Kd3 Rb8 50. Rh1 Bg5 51. Kc2 Be7 52. Rb1 Rb3 53. Rd1 Rb8 54. Rd2 Rb7 55. Rd3 Rb3 56. Rd5 Rb8 57. g4 Rb3 58. Kc1 (58. Rd2 $16) 58... Bg5+ (58... Rb8 $11 {keeps the balance.}) 59. Kb1 Be7 60. Kc2 Rb8 61. Be1 (61. Rd3 $16) 61... Rb3 $11 62. Bf2 Rf3 (62... Rb7 $11) 63. Bxc5 $14 Rf4 64. Kc3 Bxc5 65. Rxc5 Rxg4 {KR-KR} 66. Kb4 Rg2 {The position is equal.} 67. Kxa4 {Threatens to win with b4.} Rxb2 68. Rb5 Re2 69. Kb4 g5 {[%cal Bg6g5,Bg5g4,Bg4g3][%mdl 32]} 70. Kc3 Rxe5 71. Kd4 Rxb5 72. cxb5 g4 73. a4 g3 {Precision: White = 70%, Black = 58%.} 1/2-1/2

[Event "AZE-ch Men 2019"]
[Site "Baku"]
[Date "2019.01.19"]
[Round "4"]
[White "Davidov, Samir"]
[Black "Gadimbayli, Abdulla"]
[Result "1/2-1/2"]
[WhiteElo "2344"]
[BlackElo "2409"]
[Annotator "TA"]
[PlyCount "52"]
[EventDate "2019.01.16"]
[EventType "swiss"]
[EventCountry "AZE"]
[SourceTitle "playchess.com"]
[Source "ChessBase"]
[SourceQuality "1"]

{[%evp 12,52,-51,-61,-16,-20,-22,-14,0,-14,-15,-23,-14,-20,-20,-42,0,-5,0,-16,-23,-18,0,0,0,0,0,0,0,-19,-21,-25,-21,-91,-68,-69,-48,-60,0,-85,0,-56,0]} 1. e4 e6 2. d4 d5 3. e5 c5 4. Qg4 Nc6 5. Nf3 Nge7 6. Bd3 cxd4 7. O-O {LiveBook: 9 Games} Nb4 {C02: French: Advance Variation} (7... Ng6 8. Re1 Be7 9. Nbd2 Qc7 10. Nb3 O-O 11. Qg3 f6 12. Bxg6 hxg6 13. Bf4 fxe5 14. Bxe5 Nxe5 15. Nxe5 Qxc2 16. Nxg6 Bd6 17. Qxd6 Qxg6 {½-½ (42) Vasiukov,E (2400)-Balashov,Y (2434) Tula 2018}) 8. Nxd4 Nxd3 9. cxd3 Bd7 {The position is equal.} 10. Nc3 Ng6 11. Nf3 Be7 12. Re1 $146 ({Predecessor:} 12. d4 O-O 13. Bd2 Qb6 14. h4 f5 15. exf6 Rxf6 {1-0 (73) Radeva,V (1739)-Vozinaki,A (1430) Albena 2011}) 12... O-O 13. Ne2 Bb5 14. Rd1 $1 Rc8 15. a4 Bd7 16. Nf4 Nxf4 17. Bxf4 Kh8 $36 {[%mdl 2048] White is under pressure.} 18. Be3 Qa5 19. Bd2 Qb6 20. Bc3 a5 21. Qh5 Kg8 22. Rf1 {[#]} (22. Qg4 $11) 22... Bb4 $1 $17 23. Bd4 Bc5 24. Bc3 Bb4 (24... d4 $5 {[%cal Rd4c3]} 25. Bd2 Qb3 $17) 25. Bd4 $1 {[%cal Rd4b6]} ({But not} 25. Bxb4 Qxb4 26. Qh4 Qxh4 $17) 25... Bc5 26. Bc3 $1 ({Much worse is} 26. Bxc5 Rxc5 27. Qg5 (27. d4 Rc2 $17) 27... Rc2 $17) 26... Bb4 {Accuracy: White = 50%, Black = 42%.} (26... d4 $15 27. Bd2 Qb3) 1/2-1/2